000 00733 a2200193 4500
020 _a3540575545
020 _a9783540575542
082 0 4 _a516.35
090 _c554
_d554
100 1 _aShafarevich, Igor R.
245 1 0 _aBasic algebraic geometry 2 :
_bschemes and complex manifolds
_cIgor R. Shafarevich
250 _a2nd ed.
260 _a[S.l.] :
_bSpringer,
_c1994.
300 _a281 p. ;
_c24 cm.
700 1 _aShafarevich, Igor R.
942 _aSNS
_cBK
_k516.35 SHA
999 _c29184
_d29184